|
|
|
|
| LEADER |
01027nam a22002777a 4500 |
| 001 |
41215 |
| 003 |
BD-DhAAL |
| 005 |
20250525102342.0 |
| 008 |
230518t2000 ko ||||| |||| 00| 0 kor d |
| 020 |
|
|
|a 8977752884
|
| 020 |
|
|
|a 9788977752887
|
| 040 |
|
|
|a BD-DhAAL
|d BD-DhAAL
|
| 041 |
|
|
|a kor
|
| 082 |
|
|
|a 160
|2 22
|
| 100 |
|
|
|a Ha, Byunghak
|9 54272
|
| 245 |
|
|
|a Our logic for discussion and persuasion /
|c Byunghak Ha.
|
| 260 |
|
|
|a Seoul, Korean :
|b History of Philosophy and Reality,
|c 2000.
|
| 300 |
|
|
|a 309 pages ;
|c 23 cm.
|
| 541 |
|
|
|a Complimentary copy from Dr. Sang Hoon Lee, Dean of Brac Business School, Brac University.
|e 41215
|
| 650 |
|
|
|a Logic.
|
| 650 |
|
|
|a Logic
|x Textbooks.
|9 54274
|
| 650 |
|
|
|a Debate persuasion logic.
|9 54273
|
| 852 |
|
|
|a Ayesha Abed Library
|c General Stacks
|
| 942 |
|
|
|2 ddc
|c BK
|
| 999 |
|
|
|c 45771
|d 45771
|
| 952 |
|
|
|0 0
|1 0
|2 ddc
|4 0
|6 160_000000000000000_BYU
|7 0
|9 73650
|a BRACUL
|b BRACUL
|c GEN
|d 2023-05-18
|e Complimentary copy from Dr. Sang Hoon Lee
|l 0
|o 160 BYU
|p 3010041215
|r 2025-05-25
|t 1
|w 2023-05-18
|y BK
|